| 000 -LEADER |
| fixed length control field |
00783nam a2200229Ia 4500 |
| 001 - CONTROL NUMBER |
| control field |
11209 |
| 003 - CONTROL NUMBER IDENTIFIER |
| control field |
GE_BSU |
| 008 - FIXED-LENGTH DATA ELEMENTS--GENERAL INFORMATION |
| fixed length control field |
181216s||||||||xx |||||||||||||| ||und|| |
| 020 ## - INTERNATIONAL STANDARD BOOK NUMBER |
| International Standard Book Number |
9785801806327 |
| 040 ## - CATALOGING SOURCE |
| Transcribing agency |
GE_BSU |
| 080 ## - UNIVERSAL DECIMAL CLASSIFICATION NUMBER |
| Universal Decimal Classification number |
351/354(075.8):005 |
| 245 ## - TITLE STATEMENT |
| Title |
ГОСУДАРСТВЕННОЕ И МУНИЦИПАЛЬНОЕ УПРАВЛЕНИЕ. |
| 245 ## - TITLE STATEMENT |
| Remainder of title |
УЧЕБНОЕ ПОСОБИЕ. |
| 245 ## - TITLE STATEMENT |
| Statement of responsibility, etc. |
В.П.ВАСИЛЬЕВ; Н.Г.ДЕХАНОВА; Н.А.ЛОСЬ; Ю.А.ХОЛОДЕНКО; ПОД.РЕД.ВАСИЛЬЕВА. |
| 260 ## - PUBLICATION, DISTRIBUTION, ETC. |
| Place of publication, distribution, etc. |
МОСКВА. |
| 260 ## - PUBLICATION, DISTRIBUTION, ETC. |
| Name of publisher, distributor, etc. |
ДЕЛО И СЕРВИС. |
| 260 ## - PUBLICATION, DISTRIBUTION, ETC. |
| Date of publication, distribution, etc. |
2014. |
| 300 ## - PHYSICAL DESCRIPTION |
| Extent |
352С;21СМ. |
| 653 ## - INDEX TERM--UNCONTROLLED |
| Uncontrolled term |
ГОСУДАРСТВЕННОЕ И МУНИЦИПАЛЬНОЕ УПРАВЛЕНИЕ. |
| 942 ## - ADDED ENTRY ELEMENTS (KOHA) |
| Koha item type |
წიგნი |